| 000 | 00383nam a22001457a 4500 | ||
|---|---|---|---|
| 082 |
_a510.28 _bPIC _cL-4, P-13 |
||
| 100 |
_aPickworth, Charles N _939064 |
||
| 245 |
_aThe slide rule _cC.N Pickworth |
||
| 250 | _a24th | ||
| 260 |
_aLondon _bGreat Britain |
||
| 300 |
_a126 P. : _bill. ; _c8 cm |
||
| 526 |
_a0 _b0 _c0 _d510_280000000000000_PIC |
||
| 650 |
_aMCE _9379 |
||
| 942 |
_2ddc _cBK |
||
| 999 |
_c543632 _d543632 |
||